|
|
|
|
| LEADER |
00000nbm0a2200000 4500 |
| 001 |
133832 |
| 005 |
20231031135442.0 |
| 035 |
|
|
|a (RuTPU)RU\TPU\book\145072
|
| 090 |
|
|
|a 133832
|
| 100 |
|
|
|a 20080321d1971 k y0rusy50 ca
|
| 101 |
0 |
|
|a rus
|
| 102 |
|
|
|a RU
|
| 105 |
|
|
|a a m 001zy
|
| 200 |
1 |
|
|a Разработка и исследование метода дефектоскопии ферромагнитных изделий проходными датчиками с использованием нескольких намагничивающих полей
|e диссертация на соискание ученой степени кандидата технических наук
|f Б. Б. Винокуров
|g Томский политехнический институт ; науч. рук. И. Г. Лещенко
|
| 210 |
|
|
|a Томск
|d 1971
|
| 215 |
|
|
|a 182 л.
|c ил.
|
| 320 |
|
|
|a Библиогр.: с. 169-179 (118 назв.)
|
| 610 |
1 |
|
|a диссертации
|
| 610 |
1 |
|
|a ферромагнитные изделия
|
| 610 |
1 |
|
|a проходные датчики
|
| 610 |
1 |
|
|a дефектоскопия
|
| 610 |
1 |
|
|a намагничивание
|
| 610 |
1 |
|
|a электромагнитные методы
|
| 610 |
1 |
|
|a средства контроля
|
| 610 |
1 |
|
|a поверхностные дефекты
|
| 610 |
1 |
|
|a глубинные дефекты
|
| 610 |
1 |
|
|a двухчастотные методы
|
| 610 |
1 |
|
|a труды учёных ТПУ
|
| 675 |
|
|
|a 620.179.14(04)
|v 3
|
| 700 |
|
1 |
|a Винокуров
|b Б. Б.
|c специалист в области неразрушающего контроля
|c доцент Томского политехнического университета, кандидат технических наук
|f 1942-
|g Борис Борисович
|2 stltpush
|3 (RuTPU)RU\TPU\pers\26484
|
| 702 |
|
1 |
|a Лещенко
|b И. Г.
|c российский ученый
|c профессор кафедры информационно-измерительной техники Томского политехнического института
|f 1924-1989
|g Иван Гаврилович
|2 stltpush
|3 (RuTPU)RU\TPU\pers\19833
|4 727
|
| 712 |
0 |
2 |
|a Томский политехнический институт
|z 1944-1991
|2 stltpush
|3 (RuTPU)RU\TPU\col\1123
|
| 801 |
|
1 |
|a RU
|b 63413507
|c 20080321
|g PSBO
|
| 801 |
|
2 |
|a RU
|b 63413507
|c 20131003
|g RCR
|
| 942 |
|
|
|c BK
|